004710000a220008500045001000017000002450092000173000053001095000168001627730055003301 aGiles, Kevin10aThe biblical argument for slavery : Can the Bible mislead? A case study in hermeneutics aVol. LXVI, No. 1 (January, 1994), Páginas 3-17 aKevin Giles is the rector of St. Matthew's Church, kensington, Adelaide, and is well-known for his articles on the church in the New Testament in various journals.0 tThe evangelical quarlerly : An international revie